Kiểm tra ô tô : (Kỹ thuật sửa chữa ô tô )
Wedi'i Gadw mewn:
| Prif Awdur: | |
|---|---|
| Fformat: | Llyfr |
| Iaith: | Undetermined |
| Cyhoeddwyd: |
Hà Nội
Lao Động - Xã Hội
2000
|
| Pynciau: | |
| Tagiau: |
Ychwanegu Tag
Dim Tagiau, Byddwch y cyntaf i dagio'r cofnod hwn!
|
| Thư viện lưu trữ: | Trung tâm Học liệu Trường Đại học Cần Thơ |
|---|
| LEADER | 00554nam a2200193Ia 4500 | ||
|---|---|---|---|
| 001 | CTU_41723 | ||
| 008 | 210402s9999 xx 000 0 und d | ||
| 082 | |a 629.287 | ||
| 082 | |b D674/T.3 | ||
| 100 | |a Han, Sang Don | ||
| 245 | 0 | |a Kiểm tra ô tô : | |
| 245 | 0 | |b (Kỹ thuật sửa chữa ô tô ) | |
| 245 | 0 | |c Han Sang Don | |
| 260 | |a Hà Nội | ||
| 260 | |b Lao Động - Xã Hội | ||
| 260 | |c 2000 | ||
| 650 | |a Automobiles | ||
| 650 | |x Maintenance and repair | ||
| 980 | |a Trung tâm Học liệu Trường Đại học Cần Thơ | ||